00000000cas 2200000zi 4500
0019.950272
003CaOODSP
00520251210084419
006m     o  d f      
007cr cn ||||||||
008250417c20249999oncar p o    f0###a0eng|d
040 |aCaOODSP|beng|erda|cCaOODSP
043 |an-cn---
0861 |aCC1-10E-PDF
1102 |aAtomic Energy of Canada Limited.|eauthor, |eissuing body.
24510|a... Supply Chains Act report / |cAtomic Energy of Canada Limited.
2461 |aAtomic Energy of Canada Limited ... Supply Chains Act report
264 1|a[Chalk River, Ont.] : |bAtomic Energy of Canada Limited, |c[2024]-
310 |aAnnual
336 |atext|btxt|2rdacontent
337 |acomputer|bc|2rdamedia
338 |aonline resource|bcr|2rdacarrier
3621 |aBegan with: 2023/2024.
500 |aIssued also in French under title: Rapport de la Loi sur les chaînes d'approvisionnement, de ...
588 |aDescription based on: 2023/2024; title from PDF cover page.
588 |aLatest issue consulted: 2023/2024.
61020|aAtomic Energy of Canada Limited|vPeriodicals.
61010|aCanada. |tFighting Against Forced Labour and Child Labour in Supply Chains Act |vPeriodicals.
650 0|aForced labor|zCanada|xPrevention|vPeriodicals.
650 0|aChild labor|zCanada|xPrevention|vPeriodicals.
655 7|aPeriodicals|2lcgft
77508|tRapport de la Loi sur les chaînes d'approvisionnement, de ... / |w(CaOODSP)9.950271